00254nam a2200121Ia 45000030006000000080041000060400015000471000015000622450017000772600009000945460012001030050017001150STCL150530s9999 xx 000 0 und d aSTCLcSTCL aRoden Noel aThomas otway c1906 aEnglish20220125171011.0